000 00670nam a2200241Ia 4500
003 OSt
005 20220924143543.0
006 a|||||r|||| 00| 0
007 ta
008 220923b |||||||| |||| 00| 0 urd d
024 _a308942
037 _cTextual
040 _aARTS
_cARTS
_burd
041 _2urd
_aurd
082 _aO157,3M76,22, 168J6;M7
100 _aChaterjee Sharat Chander
_9216259
245 0 _aDevdas
260 _c1987
650 _aBENGALI LITERATURE
700 _a Soz Narinder Nath Tr.
942 _hO157,3M76,22, 168J6;M7
_cTEXL
_2CC
999 _c454970
_d454970